| 000 | 00922nam a2200205Ia 4500 | ||
|---|---|---|---|
| 003 | OSt | ||
| 005 | 20241010141434.0 | ||
| 007 | ca aa aaaaa | ||
| 008 | 201103s9999 xx 000 0 und d | ||
| 040 | _cSSBUL | ||
| 041 | _abur | ||
| 082 |
_223 _a၂၉၄.၃၄၃၅၀၉ စော _b၉၂၈၅ S-SAT |
||
| 100 | 0 |
_aစောလင်း၊ ဦး၊ သီဟဗလ- သီရိပျံချီ- _955006 |
|
| 245 | 1 | 0 |
_aအညာသီဟတောစေတီတော်သမိုင်း / _cသီဟဗလ-သီရိပျံချီ-ဦးစောလင်း။ |
| 260 |
_aမန္တလေး ၊ _b[ထုတ်ဝေသူမပါ] ၊ _c[ခုနှစ်မပါ] |
||
| 300 |
_a၂၁ စာမျက်နှာ ၊ _c၁၈ စင်တီ။ |
||
| 500 | _aS-SAT: Dr. Sai Aung Tun | ||
| 650 |
_aအညာသီဟတောစေတီ _vသမိုင်း _955007 |
||
| 942 |
_2ddc _cBK1 |
||
| 999 |
_c16812 _d16812 |
||